|
|
|
|
| LEADER |
00000nam a2200000Ia 4500 |
| 008 |
191127b1996 cr ||||| |||| 00| | spa d |
| 999 |
|
|
|c 1043
|d 1043
|
| 020 |
|
|
|a 9977-67-394-2
|
| 090 |
|
|
|a 06.03.06
|b 401
|
| 100 |
|
|
|a Avendaño Flores, Isabel
|
| 245 |
|
|
|a Estudios Sociales 4 : texto / Avendaño Flores, Isabel ... [et al.]
|
| 260 |
|
|
|a San José, C.R. :
|b Editorial de la Universidad de Costa Rica,
|c 1996
|
| 300 |
|
|
|a 144 páginas
|
| 490 |
|
|
|a Hacia el siglo XXI
|
| 500 |
|
|
|a Contiene Guía Didáctica
|
| 650 |
|
|
|a SOCIEDAD
|
| 650 |
|
|
|a EDUCACION PRIMARIA
|
| 650 |
|
|
|a ESTUDIOS SOCIALES
|
| 650 |
|
|
|a GEOGRAFIA
|
| 700 |
|
|
|a Avendaño Flores, Isabel
|
| 942 |
|
|
|i 00671 ,00700
|h 06.03.06 401
|2 z
|c 01
|